00760 2200265 4500001002100000005001700021008004100038020001800079035002400097082001300121090002000134100001100154245013600165250001100301260003000312300002900342500001100371650003300382700001900415850001500434980001100449985000600460986001300466999001500479YOGYA-0209000001255520090227022234.0 ind  a979-522-245-0 0010-020900000012555 a001.6424 a001.6424bTut S aTUTANG a10 langkah penyusunan program aplikasi menggunakan application generator dbase 5.0cdisusun oleh Tutang ; penyelaras, Rijanto Tosin aCet. 1 aJakartabDinastindoc1995 aix, 219 hlmbilusc21 cm aIndeks adBase 5.0 (Program komputer) aTosin, Riyanto aYOPDYOG(B) a020605 a1 afwhrtrev a95P0069922